<?xml version="1.0" encoding="UTF-8"?>
<record
    xmlns:xsi="http://www.w3.org/2001/XMLSchema-instance"
    xsi:schemaLocation="http://www.loc.gov/MARC21/slim http://www.loc.gov/standards/marcxml/schema/MARC21slim.xsd"
    xmlns="http://www.loc.gov/MARC21/slim">

  <leader>01311nam a2200205 u 4500</leader>
  <controlfield tag="001">43333</controlfield>
  <controlfield tag="005">20260506072457.0</controlfield>
  <controlfield tag="008">960313s1978                        spa  </controlfield>
  <datafield tag="035" ind1=" " ind2=" ">
    <subfield code="a">43333</subfield>
  </datafield>
  <datafield tag="035" ind1=" " ind2=" ">
    <subfield code="a">(OCoLC)318138249</subfield>
  </datafield>
  <datafield tag="040" ind1=" " ind2=" ">
    <subfield code="c">comduadb</subfield>
  </datafield>
  <datafield tag="041" ind1=" " ind2=" ">
    <subfield code="a">spa</subfield>
  </datafield>
  <datafield tag="082" ind1=" " ind2="4">
    <subfield code="a">C863</subfield>
  </datafield>
  <datafield tag="100" ind1="1" ind2="0">
    <subfield code="a">Ruiz G&#xF3;mez, Dar&#xED;o</subfield>
    <subfield code="d">1936-</subfield>
    <subfield code="4">aut</subfield>
    <subfield code="0">(isni)0000 0001 2120 9039</subfield>
    <subfield code="0">(viaf)12346469</subfield>
    <subfield code="e">aut</subfield>
    <subfield code="9">540357</subfield>
  </datafield>
  <datafield tag="245" ind1="1" ind2="0">
    <subfield code="a">Hojas en el patio</subfield>
  </datafield>
  <datafield tag="260" ind1=" " ind2=" ">
    <subfield code="a">Bogot&#xE1; :</subfield>
    <subfield code="b">Colcultura (Instituto Colombiano de Cultura),</subfield>
    <subfield code="c">1978.</subfield>
  </datafield>
  <datafield tag="300" ind1=" " ind2=" ">
    <subfield code="a">399 p&#xE1;ginas</subfield>
  </datafield>
  <datafield tag="520" ind1="3" ind2=" ">
    <subfield code="a">RESUMEN : La fragmentaci&#xF3;n, el pestiche, la intextualidad, marcan la muerte del llamado "gran estilo" y la conciencia, en la modernidad, de la crisis del sujeto. El personaje central de esta novela siente que perdi&#xF3; su centro, a un lenguaje donde las palabras han dejado de ser la certificaci&#xF3;n de un orden religioso revelado -y por esto incuestionable- para ser s&#xF3;lo se&#xF1;ales de un naufragio personal. &#xBF;Sucedi&#xF3; en verdad lo que parece haberse &#x200B;vivido? Por eso el interrogante, la pregunta, sellan el final de algunos cap&#xED;tulos, mostrando as&#xED; el divorcio entre deseo y realidad, indicando la desaparici&#xF3;n del tiempo continuo del relato tradicional y la irrupci&#xF3;n de un vac&#xED;o: el horror vacui, o sea, la destrucci&#xF3;n de lo simb&#xF3;lico.</subfield>
  </datafield>
  <datafield tag="942" ind1=" " ind2=" ">
    <subfield code="c">BOOK</subfield>
  </datafield>
  <datafield tag="999" ind1=" " ind2=" ">
    <subfield code="c">64154</subfield>
    <subfield code="d">64154</subfield>
  </datafield>
  <datafield tag="952" ind1=" " ind2=" ">
    <subfield code="0">0</subfield>
    <subfield code="1">0</subfield>
    <subfield code="4">0</subfield>
    <subfield code="7">0</subfield>
    <subfield code="8">LILAT</subfield>
    <subfield code="a">BC</subfield>
    <subfield code="b">BC</subfield>
    <subfield code="d">1998-05-05</subfield>
    <subfield code="i">C72257</subfield>
    <subfield code="l">1</subfield>
    <subfield code="o">C863 R934h</subfield>
    <subfield code="p">61000002861983</subfield>
    <subfield code="r">2026-02-12 18:05:46</subfield>
    <subfield code="s">2026-02-07</subfield>
    <subfield code="t">1</subfield>
    <subfield code="w">2023-04-21</subfield>
    <subfield code="y">BOOK</subfield>
  </datafield>
  <datafield tag="952" ind1=" " ind2=" ">
    <subfield code="0">0</subfield>
    <subfield code="1">0</subfield>
    <subfield code="4">0</subfield>
    <subfield code="7">0</subfield>
    <subfield code="8">GENERAL</subfield>
    <subfield code="a">B_N</subfield>
    <subfield code="b">B_N</subfield>
    <subfield code="d">2005-08-17</subfield>
    <subfield code="i">C877662</subfield>
    <subfield code="l">0</subfield>
    <subfield code="o">C863 R934h</subfield>
    <subfield code="p">0564957</subfield>
    <subfield code="r">2023-04-21 00:00:00</subfield>
    <subfield code="t">2</subfield>
    <subfield code="w">2023-04-21</subfield>
    <subfield code="y">BOOK</subfield>
  </datafield>
</record>
